Learn French Animals Vocabulary - Statistiques

Statistiques générales
  • Ce quiz a été pris 168 fois
    152 depuis la dernière actualisation
  • Le résultat moyen est 40 sur 48
Statistiques - réponses
Hint Réponse % Correct
Cat Chat
99%
Dog Chien
98%
Rabit Lapin
98%
Horse Cheval
97%
Fish Poisson
96%
Dolphin Dauphin
95%
Lion Lion
95%
Wolf Loup
95%
Bird Oiseau
95%
Tiger Tigre
95%
Turtle Tortue
95%
Eagle Aigle
94%
Pig Cochon
94%
Elephant Éléphant
94%
Frog Grenouille
94%
Bear Ours
94%
Shark Requin
94%
Butterfly Papillon
93%
Snake Serpent
93%
Monkey Singe
93%
Bee Abeille
92%
Jaguar Jaguar
92%
Cow Vache
92%
Crocodile Crocodile
91%
Fox Renard
91%
Alligator Alligator
90%
Giraffe Girafe
90%
Pigeon Pigeon
90%
Goat Chèvre
88%
Pelican Pélican
88%
Sheep Mouton
87%
Kangaroo Kangourou
86%
Ladybug Coccinelle
83%
Whale Baleine
82%
Mosquito Moustique
82%
Penguin Pingouin
82%
Ant Fourmi
76%
A fly Mouche
73%
Octopus Pieuvre
73%
Donkey Âne
72%
Snail Escargot
71%
Swan Cygne
61%
Shrimp Crevette
58%
Killer whale Orque
57%
Seagull Mouette
44%
Peacock Paon
44%
Ox Bœuf
26%
Stag Cerf
23%
Aucun quiz correspondant
Distribution des résultats
% des personnes avec chaque résultat
Percentile par nombre de réponses
Votre historique - résultats
Vous n’avez pas pris ce quiz depuis la dernière actualisation